啓示錄神學 = Qi shi lu shen xue = Theology of the book of Revelation {ch} / (Record no. 37848)
[ view plain ]
| 000 -LEADER | |
|---|---|
| fixed length control field | 01027nam a2200301Ia 4500 |
| 001 - CONTROL NUMBER | |
| control field | 004134650 |
| 003 - CONTROL NUMBER IDENTIFIER | |
| control field | OSt |
| 005 - DATE AND TIME OF LATEST TRANSACTION | |
| control field | 20250121115316.0 |
| 008 - FIXED-LENGTH DATA ELEMENTS--GENERAL INFORMATION | |
| fixed length control field | 050221s2000 cc b 000 0 chi d |
| 020 ## - INTERNATIONAL STANDARD BOOK NUMBER | |
| International Standard Book Number | 9624571775 |
| 020 ## - INTERNATIONAL STANDARD BOOK NUMBER | |
| International Standard Book Number | 9789624571776 |
| 040 ## - CATALOGING SOURCE | |
| Modifying agency | BSOP |
| 041 1# - LANGUAGE CODE | |
| Language code of text/sound track or separate title | chi |
| Language code of original and/or intermediate translations of text | eng |
| 066 ## - CHARACTER SETS PRESENT | |
| Alternate G0 or G1 character set | $1 |
| 100 1# - MAIN ENTRY--PERSONAL NAME | |
| Personal name | 原著 包衡 Bauckham, Richard. |
| 245 10 - TITLE STATEMENT | |
| Title | 啓示錄神學 = Qi shi lu shen xue = Theology of the book of Revelation {ch} / |
| Statement of responsibility, etc | [原著包衡 ; 翻譯鄧紹光 ; 審閱李金好; yuan zhu Baoheng ; fan yi Deng Shaoguang]. |
| 250 ## - EDITION STATEMENT | |
| Edition statement | 2 ban. |
| 260 ## - PUBLICATION, DISTRIBUTION, ETC. (IMPRINT) | |
| Place of publication, distribution, etc | Xianggang : |
| Name of publisher, distributor, etc | Ji dao chu ban she, |
| Date of publication, distribution, etc | 2004. |
| 300 ## - PHYSICAL DESCRIPTION | |
| Extent | xxviii, 235 p. ; |
| Dimensions | 21 cm. |
| 336 ## - CONTENT TYPE | |
| Source | rdacontent |
| Content Type Term | text |
| 337 ## - MEDIA TYPE | |
| Source | rdamedia |
| Media Type Term | unmediated |
| 338 ## - CARRIER TYPE | |
| Source | rdacarrier |
| Carrier Type Term | volume |
| 490 1# - SERIES STATEMENT | |
| Series statement | 聖經硏究叢書(基道出版社) Sheng jing yan jiu xi lie |
| 500 ## - GENERAL NOTE | |
| General note | Yi zi: The theology of the book of revelation. |
| 504 ## - BIBLIOGRAPHY, ETC. NOTE | |
| Linkage | 880-06 |
| Bibliography, etc | Fu can kao wen xian. |
| 630 00 - SUBJECT ADDED ENTRY--UNIFORM TITLE | |
| Uniform title | Bible. |
| Name of part/section of a work | Revelation |
| General subdivision | Theology {ch}. |
| 942 ## - ADDED ENTRY ELEMENTS (KOHA) | |
| Source of classification or shelving scheme | Library of Congress Classification |
| Item type | Books |
| Koha issues (borrowed), all copies | 4 |
| Withdrawn status | Lost status | Source of classification or shelving scheme | Damaged status | Not for loan | Home library | Current library | Shelving location | Date acquired | Source of acquisition | Inventory number | Total Checkouts | Full call number | Barcode | Date last seen | Date last borrowed | Price effective from | Koha item type | Cost, normal purchase price | Copy number |
|---|---|---|---|---|---|---|---|---|---|---|---|---|---|---|---|---|---|---|---|
| Library of Congress Classification | BSOP Library | BSOP Library | Chinese Books (General Circulation) | 10/24/2014 | C-12344 | 1 | BS2825.5 B32t 2004 | 00044744 | 02/07/2020 | 01/18/2020 | 10/24/2014 | Books | |||||||
| Library of Congress Classification | BSOP Library | BSOP Library | Chinese Books (General Circulation) | 02/25/2015 | C-12972 | 3 | BS2825.5 B32t 2004 | 00044872 | 03/19/2019 | 03/06/2019 | 02/25/2015 | Books | 650.00 | c. 2 | |||||
| Library of Congress Classification | BSOP Library | BSOP Library | Chinese Books (General Circulation) | 07/02/2015 | C-13722 | BS2825.5 B32t 2004 | 00046122 | 07/02/2015 | 07/02/2015 | Books | c.3 | ||||||||
| Library of Congress Classification | BSOP Library | BSOP Library | Chinese Books (General Circulation) | 07/02/2015 | C-16790 | BS2825.5 B32t 2004 | 00061238 | 02/17/2025 | 07/02/2015 | Books | c.4 |
